000 01127nam a2200217Ia 4500
003 Ost
005 20260507075743.0
008 260507s9999||||xx |||||||||||||| ||und||
040 _cfsecg
041 _aara
082 _a330
100 _aالعيسوي، فايز محمد
_eمؤلف
245 0 _aخرائط التوزيعات البشرية :
_bأسس وتطبيقات /
_c فايز محمد العيسوي
260 _aالإسكندرية:
_bدار المعرفة الجامعية,
_c2003
300 _a307 صفحة؛
_bإيضاحات ؛
_c25 سم
520 _aالرسوم الوصفية- الرسوم التحليلية- خرائط التوزيعات غير الكمية - خطر التوزيعات الكمية- نظم المعلومات الجغرافية وخرائط التوزيعات- نظم المعلومات الجغرافية والتمثيل الكارتوجرافي- نظم المعلومات الجغرافية والنماذج الكارتوجرافية.
653 _aالتوزيعات البشرية
653 _aالجغرافيا البشرية
653 _aخرائط
942 _cكتاب
999 _c46168
_d46168